000 00550nam a2200193Ia 4500
003 GCL
008 140319s9999 xx 000 0 ara d
040 _aGCL /
_cGCL
082 0 4 _a150
_bر ا
100 1 _aرؤوف عبيد
245 1 0 _aافاق جديدة فى الباراسيكولوجى /
_cرؤوف عبيد
260 _a[S.N] :
_bعالم الكتب الحديث ،
_c1990
300 _a616 ص
490 _a
650 0 4 _aعلم النفس
650 0 4 _aتجارب
650 0 4 _aعلم النفس التجريبى
942 _2ddc
_cBK
999 _c32642
_d32642